000 01260nam a2200301 a 4500
001 BRCA_2565
005 20190320203852.0
008 271108s1874----enk#---###---#000-0#spa-u
041 _aspa
044 _aenk
084 _a168
_b.C45
_c1874
100 1 _aCervantes Saavedra, Miguel de
_d1547-1616
_9213
245 1 0 _aEl Ingenioso Hidalgo Don Quijote de la Mancha
_cpor Miguel de Cervantes Saavedra.
260 _aLondres
_bChatto y Windus
_c1874
300 _a638 p.
_c11 cm.
500 _aContenido : Primera parte. Dedicatoria del autor. Prólogo del autor. Versos preliminares. Texto. Segunda parte. Dedicatoria del autor. Prólogo del autor. Texto
500 _aEdición : Nueva edición, corregida y revisada
500 _aEdición económica impresa con letras pequeñas. Tela Lúdovik Osterc
500 _aEstado físico : Encuadernación ligeramente desprendida, lomo maltratado
500 _aQM160
650 1 4 _aNovela española
_yÉpoca clásica, 1500-1700
_9215
650 1 4 _aLiteratura española
_yÉpoca clásica, 1500-1700
_9216
650 1 4 _aNovela española
_ySiglo XVII
_9217
650 1 4 _aDon Quijote (Personaje ficticio)
_eNovela
_9218
740 0 _aEl Ingenioso Hidalgo Don Quijote de la Mancha
902 _aQFM
942 _2lcc
_cB
999 _c2305
_d2305